000 00601nam a2200217Ia 4500
003 BUBTL
008 151213s9999 xx 000 0 und d
082 _a346.052/S2437t
100 _aSarathi, Vepa P.
_93902
245 _aLaw of Transfer of Property
_cVepa P.Sarathe
250 _a4th
260 _aIndia
_bEastern Book Company Lucknow
_cc 2001
300 _a[xcvi], 384 p . :
_b22 cm.
500 _aIncludes Index.
650 _aLaw
_93903
650 _aLaw
_93903
700 _aVepa P.Sarathe
_93904
856 _k0
_l0
_yDownload
942 _2ddc
_cBK
999 _c2250
_d2250